Idealtyp

Saved in:
Bibliographic Details
Main Author: Albert, Gert (Author)
Format: Chapter/Article
Language:German
Published: 2020
In: Max Weber-Handbuch
Year: 2020, Pages: 84-86
Online Access: Get full text
Author Notes:Gert Albert

MARC

LEADER 00000caa a2200000 c 4500
001 1823588921
003 DE-627
005 20230118164223.0
007 tu
008 221125s2020 xx ||||| 00| ||ger c
035 |a (DE-627)1823588921 
035 |a (DE-599)KXP1823588921 
035 |a (OCoLC)1361714775 
040 |a DE-627  |b ger  |c DE-627  |e rda 
041 |a ger 
084 |a 14  |2 sdnb 
100 1 |a Albert, Gert  |d 1966-  |e VerfasserIn  |0 (DE-588)142709573  |0 (DE-627)638913780  |0 (DE-576)332964728  |4 aut 
245 1 0 |a Idealtyp  |c Gert Albert 
264 1 |c 2020 
300 |a 3 
336 |a Text  |b txt  |2 rdacontent 
337 |a ohne Hilfsmittel zu benutzen  |b n  |2 rdamedia 
338 |a Band  |b nc  |2 rdacarrier 
773 0 8 |i Enthalten in  |t Max Weber-Handbuch  |b 2., aktualisierte und erweiterte Auflage  |d Berlin : J.B. Metzler Verlag, 2020  |g (2020), Seite 84-86  |h XIII, 499 Seiten  |w (DE-627)1686799071  |z 9783476051417  |7 nnam  |a Idealtyp 
773 1 8 |g year:2020  |g pages:84-86  |g extent:3  |a Idealtyp 
776 0 8 |i Erscheint auch als  |n Online-Ausgabe  |a Albert, Gert, 1966 -   |t Idealtyp  |d 2020  |w (DE-627)1823587704  |z 9783476051424 
951 |a AR 
992 |a 20221125 
993 |a BookComponentPart 
998 |g 142709573  |a Albert, Gert  |m 142709573:Albert, Gert  |d 180000  |e 180000PA142709573  |k 0/180000/  |p 1  |x j  |y j 
999 |a KXP-PPN1823588921  |e 4219439889 
BIB |a Y 
JSO |a {"id":{"eki":["1823588921"]},"person":[{"role":"aut","display":"Albert, Gert","given":"Gert","family":"Albert"}],"relHost":[{"id":{"isbn":["9783476051417"],"eki":["1686799071"]},"type":{"bibl":"edited-book"},"title":[{"title":"Max Weber-Handbuch","title_sort":"Max Weber-Handbuch","subtitle":"Leben - Werk - Wirkung"}],"titleAlt":[{"title":"Max Weber Handbuch"}],"recId":"1686799071","language":["ger"],"person":[{"role":"edt","display":"Müller, Hans-Peter","given":"Hans-Peter","family":"Müller"},{"display":"Sigmund, Steffen","given":"Steffen","role":"edt","family":"Sigmund"}],"part":{"year":"2020","text":"(2020), Seite 84-86","extent":"3","pages":"84-86"},"name":{"displayForm":["Hans-Peter Müller/Steffen Sigmund (Hg.)"]},"origin":[{"publisher":"J.B. Metzler Verlag","dateIssuedDisp":"[2020]","publisherPlace":"Berlin","edition":"2., aktualisierte und erweiterte Auflage","dateIssuedKey":"2020","editionNo":"2"}],"note":["Auswahlbibliographie: Seite 487-492. - Literaturangaben"],"physDesc":[{"extent":"XIII, 499 Seiten"}],"disp":"IdealtypMax Weber-Handbuch"}],"name":{"displayForm":["Gert Albert"]},"type":{"bibl":"chapter"},"title":[{"title_sort":"Idealtyp","title":"Idealtyp"}],"origin":[{"dateIssuedDisp":"2020","dateIssuedKey":"2020"}],"recId":"1823588921","physDesc":[{"extent":"3 S."}],"language":["ger"]} 
SRT |a ALBERTGERTIDEALTYP2020